Traité des constructions civiles, ou, Mémorial vade mecum des entrepreneurs, architectes-métreurs, commissaires-voyers, géomètres, instituteurs, administrateurs communaux, propriétaires-bâtisseurs, etc., etc., / par Charles Moerman
Descripción Física:
V, 288 p. : taules, 1 map. pleg. ; 19 cm
MARC
| LEADER | 00000nam a2200000Ia 4500 | ||
|---|---|---|---|
| 001 | 14647 | ||
| 008 | 160829s1876 xx 000 0 cat d | ||
| 080 | |a C-2-275 | ||
| 100 | |a Moerman, Charles |9 37786 | ||
| 245 | |a Traité des constructions civiles, ou, Mémorial vade mecum des entrepreneurs, architectes-métreurs, commissaires-voyers, géomètres, instituteurs, administrateurs communaux, propriétaires-bâtisseurs, etc., etc., / par Charles Moerman | ||
| 250 | |a 2ème ed., aug. | ||
| 260 | |a Paris : |b Librairie Polytechnique de J. Baudry, |c 1876 | ||
| 300 | |a V, 288 p. : |b taules, 1 map. pleg. ; |c 19 cm | ||
| 590 | |a Notes | ||
| 650 | |a Construcció |9 37787 | ||
| 650 | |a Arquitectura civil |9 37788 | ||
| 901 | |a Arxiu | ||
| 942 | |n 1 | ||
| 952 | |0 0 |1 0 |4 0 |6 C2275 |7 1 |9 48073 |a Arxiu |b Arxiu |d 2016-12-01 |l 0 |o C-2-275 |p 14647 |r 2016-12-01 00:00:00 |w 2016-12-01 |y ARXIU | ||
| 999 | |c 51876 |d 51876 | ||